000 00514nam a2200193 a 4500
001 1767860136129
003 YourLibrary
005 20260108150647.0
008 260108s1983##################000#0#eng##
020 _a9780521274098
082 0 4 _a301.01
_bROG
100 1 _aRogers, Mary F.,
_eauthor.
245 1 0 _aSociology, Ethnomethodology and Experience :
260 _bCUP Archive,
_c1983.
300 _a246 pages
650 0 _aSocial Science.
942 _cENGLISH
040 _aYourLibrary
_beng
_cYourLibrary
999 _c607893
_d607893